Sección internacional.

Ekonomická panoráma nestabilnej rovnováhy v Taliansku. Hľadanie súhlasu v politickej ekonómii. Tendencie medzinárodného trhu kávy. Výroba hlavných produktov. Ceny kávy v mesačnom prehľade. Perspektívy: v r. 1990-1991 mierny vzostup ceny vzhľadom na zníženú produkciu v Brazílii.

Salvato in:
Dettagli Bibliografici
Autore principale: Salinas Cháves, A.
Natura: Capitolo di libro
Lingua:spagnolo
Soggetti:
Tags: Aggiungi Tag
Nessun Tag, puoi essere il primo ad aggiungerne!!

MARC

LEADER 00000naa a2200000 4500
001 r003016
005 20220818104539.8
041 0 |a spa 
044 |a MX 
245 1 0 |a Sección internacional.  |c A. Salinas Cháves 
520 |a Ekonomická panoráma nestabilnej rovnováhy v Taliansku. Hľadanie súhlasu v politickej ekonómii. Tendencie medzinárodného trhu kávy. Výroba hlavných produktov. Ceny kávy v mesačnom prehľade. Perspektívy: v r. 1990-1991 mierny vzostup ceny vzhľadom na zníženú produkciu v Brazílii. 
610 2 0 |a trh medzinárodný 
610 2 0 |a káva 
610 2 0 |a nerovnováha hospodárska 
610 2 0 |a ekonómia politická 
610 2 0 |a ceny svetové 
610 2 0 |a 1990-1991 
100 1 |a Salinas Cháves, A.